| 000 | 00692nam a2200133Ia 4500 | ||
|---|---|---|---|
| 008 | 220620s9999||||xx |||||||||||||| ||und|| | ||
| 022 | _a16648714 | ||
| 100 | _aBarbara Hohn||Heribert Hirt||Mahmoud W. Yaish | ||
| 245 | 0 | _aEpigenetic Modifications Associated with Abiotic and Biotic Stresses in Plants: An Implication for Understanding Plant Evolution | |
| 546 | _aEnglish[eng] | ||
| 650 | _areplication||histones||transgeneration memory||environmental stresses||DNA methylation||evolution||chromatin||epigenetics | ||
| 856 | _uhttps://www.frontiersin.org/research-topics/3108/epigenetic-modifications-associated-with-abiotic-and-biotic-stresses-in-plants-an-implication-for-un | ||
| 942 | _cEB | ||
| 999 |
_c24643 _d24643 |
||